000 00513cam a2200205ua 4500
001 3010
005 20260515113623.0
008 110921n ii |||gr||||Z||||||asm
020 _a81-85905-27-4
040 _cMAIN
082 _a920
100 1 _aBorgohain, Homen ,
_eAuthor.
245 1 1 _aAatmanusandhan
_cby Homen Borgohain
250 _a1st.
260 _aGuahati:
_bStudents stores,
_c2000.
300 _a452p:
_c23cm.
653 _aAutobiography
653 _aAutobiography of Aatmanusandhan
942 _cBK
999 _c2856
_d2856